| 000 | 00473 a2200169 4500 | ||
|---|---|---|---|
| 003 | OSt | ||
| 005 | 20240112130755.0 | ||
| 008 | 240112b |||||||| |||| 00| 0 eng d | ||
| 020 | _a9788195692477 | ||
| 040 | _coclc | ||
| 082 |
_a297 _bSUL/S |
||
| 100 |
_aSullami, C K Umer _910269 |
||
| 245 |
_aSwargam urappulabhicha pathu per / _cC K Umer Sullami |
||
| 260 |
_aKerala: _bKNM, _c2022 |
||
| 300 | _a144p | ||
| 942 |
_2ddc _cBK _h297 _iSUL/S _k297 _mSUL/S |
||
| 999 |
_c43186 _d43186 |
||